[Event "46th BAN National Premier Chess-ch 2021"]
[Site "Dhaka"]
[Date "2022.01.04"]
[Round "8.2"]
[White "Murshed, Niaz"]
[Black "Mehdi, Hasan Parag"]
[Result "1-0"]
[WhiteElo "2419"]
[BlackElo "2230"]
[Annotator "TA"]
[PlyCount "144"]
[EventDate "2021.12.27"]
[EventCountry "BAN"]
[SourceTitle "playchess.com"]
[Source "ChessBase"]
[SourceQuality "1"]

{[%evp 9,144,33,29,30,96,100,98,88,83,23,95,91,84,81,94,109,113,35,67,68,91,69,65,74,107,105,113,109,127,129,126,123,131,117,120,116,113,87,72,85,86,97,85,75,341,166,150,134,135,123,130,120,166,150,158,147,145,151,157,159,213,191,246,243,252,245,241,227,236,210,207,132,152,139,240,238,236,191,324,318,353,330,347,340,339,316,439,452,570,519,570,562,530,510,497,485,439,350,371,345,334,326,368,392,365,366,329,233,841,794,899,898,899,899,899,899,1015,1352,1388,1361,964,868,679,677,553,536,1057,1032,953,910,843,642,1181,1181,1101,863,786]} 1. Nf3 d5 2. c4 c6 3. e3 Nf6 4. Nc3 Bf5 5. cxd5 cxd5 6. Qb3 {A11: English Opening: 1...c6.} Nc6 (6... Bc8 $1 $11 {remains equal.}) 7. Qxb7 $16 Bd7 {Strongly threatening ...Rb8.} 8. Nb5 $1 {White is better.} Rc8 {[#] Prevents Nc7+.} 9. Nbd4 $146 (9. Nxa7 $16 Nxa7 10. Qxa7) ({Predecessor:} 9. Nxa7 Nxa7 10. Qxa7 e6 11. Ne5 Bc5 12. Qa6 O-O 13. Nxd7 Qxd7 14. Be2 Ra8 15. Qb5 {1-0 (31) Gordievsky,D (2506)-Kukhmazov,A (2414) Moscow 2016}) 9... Rc7 {[#]} (9... Nxd4 $11 10. exd4 Rc7) 10. Nxc6 $1 Bxc6 (10... Rxc6 11. Be2) 11. Qa6 Nd7 12. Nd4 Bb7 13. Qa4 (13. Qxa7 $16 {And now Nb5 would win.} Qc8 14. Kd1) 13... Qc8 14. Qd1 {aiming for Nb5. White is more active.} a6 {Prevents Nb5.} (14... e5 $2 15. Nb5 $16) 15. Be2 e5 16. Nb3 Bd6 {[%cal Od5d4]} 17. d4 O-O {[%cal Oa6a5]} 18. Bd2 e4 19. Ba5 Rc6 20. Rc1 f5 21. g3 g5 22. Rxc6 Bxc6 23. h4 f4 24. gxf4 (24. hxg5 fxe3 25. fxe3 Bxg3+ 26. Kd2 Rf2 $11) 24... gxf4 25. Rg1+ Kh8 26. Bxa6 fxe3 $2 {[%mdl 8192] [#]} 27. fxe3 $1 Qe8 $18 (27... Qxa6 $2 28. Qg4 Rf1+ 29. Rxf1 $18) 28. Qg4 {[%csl Gg1][%cal Rg4g7]} Qe7 {To avoid Qg7+} 29. Be2 Nf6 {[#]} 30. Qg2 $1 {[%cal Ob3c5]} Ra8 (30... Rg8 $16 {was necessary.} 31. Qf1 Ra8) 31. Bc3 Rxa2 32. Nc5 Ra8 33. Kd2 {[%cal Be1d2,Bd2c2,Bc2b1][%mdl 32]} Rg8 34. Qh1 Rb8 (34... Bd7 $16 {might work better.}) 35. h5 Nd7 (35... Ng8 $142 36. Qh3 Ra8) 36. Kc2 Rf8 37. Qg2 {h6 is the strong threat.} Nf6 38. Qh3 Bd7 (38... Bxc5 39. dxc5 Rd8 40. Qf5 $18) 39. Qh4 Bc8 (39... Bxc5 40. dxc5 Rf7 41. Qg5 $18) 40. Kb1 Ng8 41. Qxe7 Nxe7 {[#]} (41... Bxe7 $16 {was worth a try.} 42. b4 Nh6) 42. Nxe4 $1 {[%mdl 512]} Bf5 43. Bd3 h6 {[#]} (43... Bxe4 $2 44. Bxe4 Bh2 45. Rg2 $18) (43... Rg8 $142 44. Rxg8+ Kxg8) 44. Kc2 $1 Bxe4 (44... dxe4 $2 45. d5+ Kh7 46. Rg7+ Kh8 47. Rg2+ Kh7 48. Rg7+ Kh8 49. Rxe7+ Kg8 50. Rg7+ Kh8 51. Bb5 $18) (44... Bh2 45. Rg2) 45. Bxe4 Rf2+ (45... dxe4 $2 46. d5+ Kh7 47. Rg7+ Kh8 48. Rg6+ Kh7 49. Rg7+ Kh8 50. Rxe7+ Kg8 51. Rg7+ Kh8 52. Rg6+ Kh7 53. Rxd6 $18) 46. Kd1 ({Less strong is} 46. Kd3 Bh2 47. Rg4 dxe4+ 48. Rxe4 Nd5 $14) 46... Rh2 (46... dxe4 $2 47. d5+ Kh7 48. Rg7+ Kh8 49. Rg2+ Kh7 50. Rxf2 $18) 47. Bg6 Nxg6 48. Rxg6 {[%mdl 4096] Endgame KRB-KRB} Bf8 49. Rf6 Be7 50. Rxh6+ Kg7 51. Re6 Bf6 52. Rd6 Rxh5 53. Rd7+ Kf8 54. Ke2 Ke8 55. Ra7 Kd8 56. b4 {[%cal Bb2b4,Bb4b5][%mdl 32]} Kc8 57. Kd3 Bd8 58. Rf7 Rh6 $2 (58... Bc7 59. b5 Rg5) 59. Rf5 {White is clearly winning.} Rd6 60. b5 Kb7 61. Bb4 Rd7 62. Bc5 Ba5 63. Rf6 Bc7 64. Ra6 Bb8 {Prevents Ra7+.} 65. Rb6+ Kc8 66. Re6 Rh7 67. Re8+ Kb7 68. Rd8 Rh5 69. Rd7+ Kc8 70. Rf7 {Black must now prevent Ba7.} Rg5 71. Ba7 Bxa7 72. Rxa7 Rg1 {Weighted Error Value: White=0.16 (very precise) /Black=0.29 (precise)} 1-0

[Event "46th BAN National Premier Chess-ch 2021"]
[Site "Dhaka"]
[Date "2022.01.04"]
[Round "8.4"]
[White "Md., Sharif Hossain"]
[Black "Chatterjee, Debaraj"]
[Result "1/2-1/2"]
[WhiteElo "2211"]
[BlackElo "2204"]
[Annotator "ChessBase"]
[PlyCount "107"]
[EventDate "2021.12.27"]
[EventCountry "BAN"]
[SourceTitle "playchess.com"]
[Source "ChessBase"]
[SourceQuality "1"]
[TimeControl "40/5400+30:1800+30"]

1. e4 {[%emt 1:31:00]} d5 {[%emt 0:02:14]} 2. exd5 {[%emt 0:00:00]} Qxd5 {[%emt 0:00:09]} 3. Nc3 {[%emt 0:00:00]} Qa5 {[%emt 0:00:04]} 4. d4 {[%emt 0:00:00]} Nf6 {[%emt 1:30:03]} 5. Nf3 {[%emt 0:00:00]} Bf5 {[%emt 0:00:00]} 6. Ne5 {[%emt 0:00:00]} c6 {[%emt 0:01:00]} 7. Bd3 {[%emt 0:03:00]} Bxd3 {[%emt 0:00:00]} 8. Qxd3 {[%emt 0:00:00]} Nbd7 {[%emt 0:00:00]} 9. Nc4 {[%emt 0:01:00]} Qa6 {[%emt 0:01:30]} 10. Qe2 {[%emt 0:00:30]} e6 {[%emt 0:00:00]} 11. Bf4 {[%emt 0:00:00]} Nd5 {[%emt 0:00:00]} 12. Nd6+ {[%emt 0:00:00]} Bxd6 {[%emt 0:00:00]} 13. Qxa6 {[%emt 0:00:00]} bxa6 {[%emt 0:00:00]} 14. Bxd6 {[%emt 0:00:00]} Nxc3 {[%emt 0:00:00]} 15. bxc3 {[%emt 0:00:00]} Nb6 {[%emt 0:00:00]} 16. Rb1 {[%emt 0:03:00]} O-O-O {[%emt 0:00:00]} 17. Bg3 {[%emt 0:00:30]} Rd5 {[%emt 0:00:00]} 18. Ke2 {[%emt 0:00:30]} Rhd8 {[%emt 0:00:00]} 19. Rb3 {[%emt 0:00:00]} c5 {[%emt 0:00:00]} 20. Rhb1 {[%emt 0:01:00]} cxd4 {[%emt 0:00:00]} 21. cxd4 {[%emt 0:00:30]} Rxd4 {[%emt 0:00:00]} 22. Rc3+ {[%emt 0:00:00]} Rc4 {[%emt 0:00:00]} 23. Rxc4+ {[%emt 0:00:00]} Nxc4 {[%emt 0:00:00]} 24. Rb8+ {[%emt 0:00:00]} Kd7 {[%emt 0:07:30]} 25. Rb7+ {[%emt 0:00:00]} Ke8 {[%emt 0:00:30]} 26. Rxa7 {[%emt 0:00:00]} Rd2+ {[%emt 0:00:00]} 27. Ke1 {[%emt 0:00:00]} Rxc2 {[%emt 0:00:00]} 28. Rxa6 {[%emt 0:00:00]} Nb2 {[%emt 0:01:30]} 29. a4 {[%emt 0:00:00]} Nd3+ {[%emt 0:00:00]} 30. Kf1 {[%emt 0:00:00]} e5 {[%emt 0:01:00]} 31. a5 {[%emt 0:05:00]} Ke7 {[%emt 0:00:00]} 32. Bh4+ {[%emt 0:00:00]} f6 {[%emt 0:00:00]} 33. Ra7+ {[%emt 0:00:00]} Kf8 {[%emt 0:00:00]} 34. f3 {[%emt 0:01:30]} Ra2 {[%emt 0:00:00]} 35. a6 {[%emt 0:00:00]} Nb4 {[%emt 0:00:00]} 36. Ra8+ {[%emt 0:00:00]} Kf7 {[%emt 0:00:00]} 37. a7 {[%emt 0:00:00]} Nc6 {[%emt 0:03:30]} 38. Bf2 {[%emt 0:02:00]} Nd4 {[%emt 0:00:30]} 39. g4 {[%emt 0:00:00]} Kg6 {[%emt 0:00:30]} 40. h4 {[%emt 0:00:00]} h6 {[%emt 0:00:00]} 41. f4 {[%emt 0:00:00]} Ra1+ {[%emt 0:03:34]} 42. Kg2 {[%emt 0:00:00]} Ra2 {[%emt 0:00:23]} 43. h5+ {[%emt 0:00:00]} Kh7 {[%emt 0:28:03]} 44. f5 {[%emt 0:33:00]} Ra3 {[%emt 0:00:00]} 45. Be3 {[%emt 0:00:00]} Ra2+ {[%emt 0:00:00]} 46. Kf1 {[%emt 0:00:00]} Ra1+ {[%emt 0:00:00]} 47. Kg2 {[%emt 0:00:00]} Ra2+ {[%emt 0:00:00]} 48. Bf2 {[%emt 0:00:00]} Ra3 {[%emt 0:02:30]} 49. Bg1 {[%emt 0:00:00]} Ra2+ {[%emt 0:00:30]} 50. Kf1 {[%emt 0:00:00]} Ra1+ {[%emt 0:00:00]} 51. Kf2 {[%emt 0:03:30]} Ra3 {[%emt 0:01:00]} 52. Kf1 {[%emt 0:00:00]} Ra1+ {[%emt 0:00:00]} 53. Kg2 {[%emt 0:00:00]} Ra2+ {[%emt 0:01:00]} 54. Bf2 {[%emt 0:00:00]} 1/2-1/2

[Event "46th BAN National Premier Chess-ch 2021"]
[Site "Dhaka"]
[Date "2022.01.04"]
[Round "8.5"]
[White "Mohammad, Minhaz Uddin"]
[Black "Islam, Khandaker Aminul"]
[Result "1/2-1/2"]
[WhiteElo "2259"]
[BlackElo "2155"]
[Annotator "ChessBase"]
[PlyCount "77"]
[EventDate "2021.12.27"]
[EventCountry "BAN"]
[SourceTitle "playchess.com"]
[Source "ChessBase"]
[SourceQuality "1"]
[TimeControl "40/5400+30:1800+30"]

1. e4 {[%emt 0:00:12]} e5 {[%emt 0:00:02]} 2. Nf3 {[%emt 0:00:08]} Nc6 {[%emt 0:00:01]} 3. d4 {[%emt 0:00:19]} exd4 {[%emt 0:00:02]} 4. Nxd4 {[%emt 0:00:02]} Nf6 {[%emt 0:01:11]} 5. Nc3 {[%emt 0:00:03]} Bb4 {[%emt 0:00:07]} 6. Nxc6 {[%emt 0:00:07]} bxc6 {[%emt 0:00:02]} 7. Bd3 {[%emt 0:00:02]} d5 {[%emt 0:00:02]} 8. exd5 {[%emt 0:00:12]} O-O {[%emt 0:00:02]} 9. O-O {[%emt 0:00:03]} cxd5 {[%emt 0:00:11]} 10. Bg5 {[%emt 0:00:05]} c6 {[%emt 1:33:50]} 11. Qf3 {[%emt 0:01:09]} h6 {[%emt 0:00:00]} 12. Bxf6 {[%emt 0:00:06]} Qxf6 {[%emt 0:00:00]} 13. Qxf6 {[%emt 0:00:02]} gxf6 {[%emt 0:00:00]} 14. Ne2 {[%emt 0:00:19]} Bd6 {[%emt 0:00:00]} 15. Nd4 {[%emt 0:02:58]} c5 {[%emt 0:02:30]} 16. Nf5 {[%emt 0:16:44]} Bxf5 {[%emt 0:00:00]} 17. Bxf5 {[%emt 1:16:29]} Rfe8 {[%emt 0:00:00]} 18. Rad1 {[%emt 0:00:30]} Rad8 {[%emt 0:01:30]} 19. f4 {[%emt 0:00:30]} Bf8 {[%emt 0:00:00]} 20. Rf3 {[%emt 0:00:00]} c4 {[%emt 0:00:00]} 21. b3 {[%emt 0:01:00]} Bb4 {[%emt 0:00:00]} 22. Kf1 {[%emt 0:00:30]} a5 {[%emt 0:02:00]} 23. Rf2 {[%emt 0:00:00]} cxb3 {[%emt 0:00:00]} 24. axb3 {[%emt 0:00:00]} Bc3 {[%emt 0:01:00]} 25. Rf3 {[%emt 0:01:30]} d4 {[%emt 0:00:30]} 26. Kf2 {[%emt 0:00:00]} Bb4 {[%emt 0:00:30]} 27. Bd3 {[%emt 0:00:00]} Rd5 {[%emt 0:00:30]} 28. Rg3+ {[%emt 0:00:00]} Kf8 {[%emt 0:00:30]} 29. Rh3 {[%emt 0:00:00]} Kg7 {[%emt 0:00:00]} 30. Bc4 {[%emt 0:00:00]} Rf5 {[%emt 0:01:00]} 31. Kf3 {[%emt 0:03:00]} Bc3 {[%emt 0:00:30]} 32. Kg4 {[%emt 0:00:30]} Rc5 {[%emt 0:00:00]} 33. Bd3 {[%emt 0:00:30]} Be1 {[%emt 0:01:00]} 34. Rh5 {[%emt 0:00:00]} Rxh5 {[%emt 0:00:00]} 35. Kxh5 {[%emt 0:00:00]} Bc3 {[%emt 0:00:00]} 36. Kg4 {[%emt 0:00:00]} Re1 {[%emt 0:00:00]} 37. Rxe1 {[%emt 0:00:00]} Bxe1 {[%emt 0:00:00]} 38. Kf5 {[%emt 0:00:00]} Bc3 {[%emt 0:02:30]} 39. Ke4 {[%emt 0:00:00]} 1/2-1/2

[Event "46th BAN National Premier Chess-ch 2021"]
[Site "Dhaka"]
[Date "2022.01.04"]
[Round "8.6"]
[White "Nayem, Haque"]
[Black "Zia, Tahsin Tajwar"]
[Result "1/2-1/2"]
[WhiteElo "2091"]
[BlackElo "2232"]
[Annotator "ChessBase"]
[PlyCount "119"]
[EventDate "2021.12.27"]
[EventCountry "BAN"]
[SourceTitle "playchess.com"]
[Source "ChessBase"]
[SourceQuality "1"]
[TimeControl "40/5400+30:1800+30"]

1. e4 {[%emt 0:00:03]} c6 {[%emt 0:00:10]} 2. d4 {[%emt 0:00:03]} d5 {[%emt 0:00:04]} 3. e5 {[%emt 0:00:02]} Bf5 {[%emt 0:00:21]} 4. Nd2 {[%emt 0:00:03]} e6 {[%emt 0:00:20]} 5. Nb3 {[%emt 0:00:03]} Nd7 {[%emt 0:00:06]} 6. Nf3 {[%emt 0:00:16]} Qc7 {[%emt 0:00:06]} 7. Be2 {[%emt 1:33:30]} f6 {[%emt 1:32:53]} 8. O-O {[%emt 0:00:30]} O-O-O {[%emt 0:00:30]} 9. Be3 {[%emt 0:00:30]} h5 {[%emt 0:00:00]} 10. Rc1 {[%emt 0:00:00]} Nh6 {[%emt 0:01:00]} 11. c4 {[%emt 0:00:00]} dxc4 {[%emt 0:00:00]} 12. Bxc4 {[%emt 0:00:00]} Ng4 {[%emt 0:01:00]} 13. Bf4 {[%emt 0:02:00]} g5 {[%emt 0:00:30]} 14. Bd2 {[%emt 0:00:30]} fxe5 {[%emt 0:00:00]} 15. Bxg5 {[%emt 0:00:30]} Bh6 {[%emt 0:00:00]} 16. Bxd8 {[%emt 0:00:00]} Rxd8 {[%emt 0:00:00]} 17. g3 {[%emt 0:01:00]} e4 {[%emt 0:00:00]} 18. Nh4 {[%emt 0:00:30]} Bg5 {[%emt 0:00:00]} 19. Nxf5 {[%emt 0:00:00]} exf5 {[%emt 0:03:00]} 20. f4 {[%emt 0:01:00]} exf3 {[%emt 0:00:30]} 21. Qxf3 {[%emt 0:00:00]} Be3+ {[%emt 0:00:30]} 22. Kg2 {[%emt 0:00:00]} Bxc1 {[%emt 0:00:00]} 23. Rxc1 {[%emt 0:01:30]} Re8 {[%emt 0:00:00]} 24. Qf4 {[%emt 0:00:00]} Ne3+ {[%emt 0:00:00]} 25. Kf3 {[%emt 0:00:00]} Qxf4+ {[%emt 0:00:00]} 26. gxf4 {[%emt 0:01:30]} Nxc4 {[%emt 0:00:00]} 27. Rxc4 {[%emt 0:00:00]} Nb6 {[%emt 0:03:00]} 28. Rc2 {[%emt 0:00:00]} Nd5 {[%emt 0:00:30]} 29. Rg2 {[%emt 0:01:30]} Re3+ {[%emt 0:00:00]} 30. Kf2 {[%emt 0:00:00]} b6 {[%emt 0:01:00]} 31. Rg5 {[%emt 0:00:00]} Rh3 {[%emt 0:00:30]} 32. Kg1 {[%emt 0:00:00]} Rd3 {[%emt 0:00:30]} 33. Rxf5 {[%emt 0:00:00]} a5 {[%emt 0:00:00]} 34. Rf8+ {[%emt 0:02:30]} Kb7 {[%emt 0:01:00]} 35. Kf2 {[%emt 0:00:00]} a4 {[%emt 0:00:00]} 36. Nc1 {[%emt 0:00:00]} Rd2+ {[%emt 0:00:00]} 37. Ke1 {[%emt 0:00:00]} Rxb2 {[%emt 0:00:00]} 38. f5 {[%emt 0:02:00]} Rc2 {[%emt 0:00:00]} 39. Nd3 {[%emt 0:00:00]} Rxh2 {[%emt 0:00:00]} 40. f6 {[%emt 0:00:00]} Nxf6 {[%emt 0:03:00]} 41. Rxf6 {[%emt 0:00:00]} Rxa2 {[%emt 0:00:00]} 42. Rf7+ {[%emt 0:00:00]} Kc8 {[%emt 0:31:00]} 43. Nb4 {[%emt 0:11:52]} Rb2 {[%emt 0:00:00]} 44. Nxc6 {[%emt 0:01:57]} a3 {[%emt 0:00:00]} 45. Re7 {[%emt 0:19:41]} Rc2 {[%emt 0:01:30]} 46. Nb4 {[%emt 0:00:30]} Rb2 {[%emt 0:00:00]} 47. Nc6 {[%emt 0:00:00]} Rc2 {[%emt 0:00:00]} 48. Nb4 {[%emt 0:00:00]} Rc4 {[%emt 0:00:00]} 49. Na2 {[%emt 0:00:00]} Rxd4 {[%emt 0:00:00]} 50. Re3 {[%emt 0:00:00]} Ra4 {[%emt 0:00:00]} 51. Kd2 {[%emt 0:00:00]} h4 {[%emt 0:00:00]} 52. Kc2 {[%emt 0:00:00]} Kd7 {[%emt 0:00:00]} 53. Kb3 {[%emt 0:03:30]} Ra8 {[%emt 0:00:00]} 54. Rh3 {[%emt 0:00:00]} Rh8 {[%emt 0:00:00]} 55. Nc3 {[%emt 0:00:00]} Ke6 {[%emt 0:00:00]} 56. Kxa3 {[%emt 0:00:00]} Kf5 {[%emt 0:00:00]} 57. Nd1 {[%emt 0:00:00]} Kg5 {[%emt 0:00:00]} 58. Nf2 {[%emt 0:02:30]} Rf8 {[%emt 0:00:00]} 59. Rh2 {[%emt 0:00:30]} Rf3+ {[%emt 0:00:00]} 60. Kb4 {[%emt 0:00:00]} 1/2-1/2

[Event "46th BAN National Premier Chess-ch 2021"]
[Site "Dhaka"]
[Date "2022.01.04"]
[Round "8.7"]
[White "Reefat, Bin-Sattar"]
[Black "Subrota, Biswas"]
[Result "0-1"]
[WhiteElo "2394"]
[BlackElo "2199"]
[Annotator "ChessBase"]
[PlyCount "76"]
[EventDate "2021.12.27"]
[EventCountry "BAN"]
[SourceTitle "playchess.com"]
[Source "ChessBase"]
[SourceQuality "1"]
[TimeControl "40/5400+30:1800+30"]

1. e4 {[%emt 1:31:00]} e5 {[%emt 0:00:01]} 2. Nf3 {[%emt 0:00:00]} Nc6 {[%emt 0:00:20]} 3. d4 {[%emt 0:00:00]} exd4 {[%emt 0:00:04]} 4. Nxd4 {[%emt 0:00:00]} Nf6 {[%emt 1:32:05]} 5. Nxc6 {[%emt 0:00:00]} bxc6 {[%emt 0:00:30]} 6. Nd2 {[%emt 0:00:00]} Bc5 {[%emt 0:00:30]} 7. Bd3 {[%emt 0:00:00]} O-O {[%emt 0:00:30]} 8. O-O {[%emt 0:00:00]} Re8 {[%emt 0:00:30]} 9. Nb3 {[%emt 0:04:00]} Bf8 {[%emt 0:00:00]} 10. Re1 {[%emt 0:00:00]} d6 {[%emt 0:01:00]} 11. h3 {[%emt 0:00:00]} g6 {[%emt 0:00:30]} 12. Bg5 {[%emt 0:00:00]} h6 {[%emt 0:00:00]} 13. Bd2 {[%emt 0:02:00]} Bg7 {[%emt 0:01:00]} 14. Na5 {[%emt 0:00:30]} c5 {[%emt 0:00:30]} 15. f4 {[%emt 0:00:30]} Nh5 {[%emt 0:00:00]} 16. c3 {[%emt 0:00:30]} c6 {[%emt 0:00:00]} 17. Nc4 {[%emt 0:00:00]} d5 {[%emt 0:00:00]} 18. exd5 {[%emt 0:01:00]} cxd5 {[%emt 0:02:00]} 19. Rxe8+ {[%emt 0:00:00]} Qxe8 {[%emt 0:00:00]} 20. Nd6 {[%emt 0:01:00]} Qc6 {[%emt 0:00:00]} 21. Nxc8 {[%emt 0:00:00]} Rxc8 {[%emt 0:00:00]} 22. Be3 {[%emt 0:00:00]} d4 {[%emt 0:00:00]} 23. cxd4 {[%emt 0:00:00]} Re8 {[%emt 0:00:00]} 24. Bf2 {[%emt 0:00:42]} Nxf4 {[%emt 0:00:00]} 25. Bf1 {[%emt 0:00:01]} cxd4 {[%emt 0:03:30]} 26. Rc1 {[%emt 0:02:17]} Qd6 {[%emt 0:00:00]} 27. g3 {[%emt 0:00:00]} Nd5 {[%emt 0:00:00]} 28. Qf3 {[%emt 0:01:00]} Ne3 {[%emt 0:00:00]} 29. Bd3 {[%emt 0:00:00]} Re6 {[%emt 0:00:00]} 30. Rc8+ {[%emt 0:01:00]} Bf8 {[%emt 0:02:30]} 31. Qa8 {[%emt 0:00:00]} Kg7 {[%emt 0:00:00]} 32. Rd8 {[%emt 0:01:00]} Qc5 {[%emt 0:00:00]} 33. Rc8 {[%emt 0:00:30]} Qe7 {[%emt 0:00:00]} 34. Qb8 {[%emt 0:00:30]} Rb6 {[%emt 0:00:00]} 35. Qf4 {[%emt 0:00:30]} Rd6 {[%emt 0:00:00]} 36. Bb5 {[%emt 0:00:30]} Qb7 {[%emt 0:00:00]} 37. Bxe3 {[%emt 0:00:00]} Qxc8 {[%emt 0:00:00]} 38. Bxd4+ {[%emt 0:00:00]} Kg8 {[%emt 0:00:00]} 0-1

[Event "46th BAN National Premier Chess-ch 2021"]
[Site "Dhaka"]
[Date "2022.01.05"]
[Round "9.1"]
[White "Subrota, Biswas"]
[Black "Manon, Reja Neer"]
[Result "1-0"]
[WhiteElo "2199"]
[BlackElo "1989"]
[Annotator "ChessBase"]
[PlyCount "109"]
[EventDate "2021.12.27"]
[EventCountry "BAN"]
[SourceTitle "playchess.com"]
[Source "ChessBase"]
[SourceQuality "1"]
[TimeControl "40/5400+30:1800+30"]

1. d4 {[%emt 0:16:06]} Nf6 {[%emt 0:00:14]} 2. c4 {[%emt 0:00:05]} g6 {[%emt 0:00:08]} 3. Nc3 {[%emt 0:00:04]} Bg7 {[%emt 0:00:05]} 4. e4 {[%emt 0:00:38]} d6 {[%emt 0:00:06]} 5. Nf3 {[%emt 0:00:07]} O-O {[%emt 0:00:12]} 6. Be2 {[%emt 0:00:03]} e5 {[%emt 0:00:35]} 7. Be3 {[%emt 0:00:03]} Nc6 {[%emt 0:01:45]} 8. O-O {[%emt 1:17:24]} exd4 {[%emt 0:14:36]} 9. Nxd4 {[%emt 0:00:00]} Re8 {[%emt 1:17:19]} 10. f3 {[%emt 0:00:00]} Be6 {[%emt 0:00:30]} 11. Qd2 {[%emt 0:01:30]} Nxd4 {[%emt 0:00:30]} 12. Bxd4 {[%emt 0:00:00]} Nd7 {[%emt 0:00:30]} 13. Bxg7 {[%emt 0:00:00]} Kxg7 {[%emt 0:00:00]} 14. f4 {[%emt 0:00:00]} f6 {[%emt 0:01:00]} 15. Rae1 {[%emt 0:02:00]} Qe7 {[%emt 0:00:30]} 16. b3 {[%emt 0:00:00]} a5 {[%emt 0:00:30]} 17. Bd3 {[%emt 0:01:00]} Bf7 {[%emt 0:00:30]} 18. Bc2 {[%emt 0:00:30]} Nc5 {[%emt 0:00:00]} 19. Re3 {[%emt 0:00:00]} c6 {[%emt 0:00:00]} 20. Rfe1 {[%emt 0:01:00]} Qd7 {[%emt 0:00:00]} 21. Qf2 {[%emt 0:00:30]} Ne6 {[%emt 0:02:00]} 22. Qh4 {[%emt 0:00:30]} g5 {[%emt 0:00:30]} 23. Qh3 {[%emt 0:00:30]} h6 {[%emt 0:00:00]} 24. e5 {[%emt 0:00:00]} dxe5 {[%emt 0:00:00]} 25. fxe5 {[%emt 0:00:00]} fxe5 {[%emt 0:01:30]} 26. Rd1 {[%emt 0:01:30]} Qc7 {[%emt 0:00:30]} 27. Qf5 {[%emt 0:00:00]} Nf8 {[%emt 0:00:00]} 28. Ne4 {[%emt 0:01:00]} Re6 {[%emt 0:00:00]} 29. h4 {[%emt 0:00:00]} gxh4 {[%emt 0:00:09]} 30. Rf1 {[%emt 0:01:00]} Bg6 {[%emt 0:00:51]} 31. Qg4 {[%emt 0:00:30]} Qe7 {[%emt 0:00:21]} 32. Ref3 {[%emt 0:00:00]} h5 {[%emt 0:01:39]} 33. Qh3 {[%emt 0:00:00]} Nh7 {[%emt 0:00:30]} 34. Kh1 {[%emt 0:00:00]} b6 {[%emt 0:00:00]} 35. R3f2 {[%emt 0:00:00]} Rd8 {[%emt 0:01:00]} 36. Qc3 {[%emt 0:00:00]} Rd4 {[%emt 0:00:00]} 37. Nd2 {[%emt 0:03:00]} Rf6 {[%emt 0:00:19]} 38. Bxg6 {[%emt 0:00:00]} Kxg6 {[%emt 0:00:37]} 39. Nf3 {[%emt 0:00:00]} c5 {[%emt 0:01:04]} 40. Qe1 {[%emt 0:01:30]} e4 {[%emt 0:00:00]} 41. Nxh4+ {[%emt 0:00:00]} Kf7 {[%emt 0:01:28]} 42. Qe2 {[%emt 0:31:00]} e3 {[%emt 0:30:02]} 43. Qxh5+ {[%emt 0:00:00]} Ke6 {[%emt 0:00:30]} 44. Nf5 {[%emt 0:01:00]} Qd8 {[%emt 0:00:30]} 45. Qh3 {[%emt 0:00:30]} exf2 {[%emt 0:00:00]} 46. Nxd4+ {[%emt 0:00:30]} Kd6 {[%emt 0:00:00]} 47. Qh2+ {[%emt 0:00:30]} Kd7 {[%emt 0:01:30]} 48. Qxh7+ {[%emt 0:00:00]} Kc8 {[%emt 0:00:30]} 49. Nf3 {[%emt 0:01:00]} Qd6 {[%emt 0:00:00]} 50. Qg8+ {[%emt 0:00:30]} Kc7 {[%emt 0:00:00]} 51. Qg7+ {[%emt 0:00:30]} Kb8 {[%emt 0:00:00]} 52. Rxf2 {[%emt 0:00:30]} Qd1+ {[%emt 0:02:00]} 53. Ng1 {[%emt 0:00:30]} Qh5+ {[%emt 0:00:00]} 54. Nh3 {[%emt 0:00:00]} Qd1+ {[%emt 0:00:00]} 55. Kh2 {[%emt 0:00:00]} 1-0

[Event "46th BAN National Premier Chess-ch 2021"]
[Site "Dhaka"]
[Date "2022.01.05"]
[Round "9.2"]
[White "Zia, Tahsin Tajwar"]
[Black "Reefat, Bin-Sattar"]
[Result "1-0"]
[WhiteElo "2232"]
[BlackElo "2394"]
[Annotator "TA"]
[PlyCount "91"]
[EventDate "2021.12.27"]
[EventCountry "BAN"]
[SourceTitle "playchess.com"]
[Source "ChessBase"]
[SourceQuality "1"]

{[%evp 24,91,28,33,57,50,108,52,62,55,104,62,70,53,68,69,59,63,67,61,94,75,103,102,104,66,113,87,128,125,132,123,118,70,68,74,77,75,69,66,66,4,98,96,116,101,243,166,246,246,258,259,519,496,421,181,371,375,420,420,402,250,236,235,246,244,719,748,688,669]} 1. d4 Nf6 2. c4 e6 3. g3 c5 4. d5 exd5 5. cxd5 d6 6. Nc3 g6 7. Bg2 Bg7 8. Nf3 O-O 9. O-O Nbd7 10. Bf4 Qe7 11. h3 a6 {has lost popularity (11...Nh5).} 12. a4 Rb8 13. e4 Re8 {A63: Modern Benoni: Fianchetto Variation: 9...Nbd7.} 14. Re1 {[#]} Ne5 $146 ({Better is} 14... Nh5 $1 $14) ({Predecessor:} 14... Nh5 15. Bg5 Bf6 16. Bxf6 Nhxf6 17. a5 b5 18. axb6 Rxb6 19. Qc2 Ne5 20. Nd2 c4 {1-0 (29) Deac,B (2572)-Hambleton,A (2501) Chess.com INT 2018}) 15. Bxe5 (15. Nxe5 $16 dxe5 16. Be3) 15... dxe5 $14 {White is slightly better.} 16. a5 h5 (16... Bd7 $14) 17. Nd2 (17. Na4 $16) 17... h4 18. Nc4 $1 (18. gxh4 $6 Nh5 $11) 18... hxg3 19. fxg3 Bd7 20. Na4 Bb5 21. Nab6 Kh7 22. Qf3 Rh8 23. Rad1 Rbd8 24. Qc3 Nh5 (24... Nd7 $14) 25. Kh2 Kg8 (25... Nf6 $142) 26. d6 $16 {[%cal Bd5d6,Bd6d7][%mdl 32]} Qe6 27. d7 $1 Nf6 {[%cal Rf6d7]} (27... Bxd7 $2 28. Rd6 Qe8 29. Red1 $18) 28. Rd6 ({White should play} 28. h4 $1 $16) 28... Qe7 $14 29. Red1 $36 {[%mdl 2048] White is on the roll.} Bxc4 (29... Nxd7 $2 30. Qd3 $18) 30. Nxc4 (30. Qxc4 Ng4+ 31. Kg1 Ne3 $11) 30... Rxd7 31. Rxd7 Nxd7 32. Nd6 (32. Qd2 $14 Nb8 33. Qd6 (33. Qd8+ Qxd8 34. Rxd8+ Kh7 $14) 33... Qxd6 34. Nxd6) 32... Bf6 {[#]} (32... Bf8 $11) 33. Qb3 $1 $16 Kg7 34. Qxb7 {White is much more active.} Rb8 {This move loses the game for Black.} (34... Nb8 $16 {is a better defense.}) 35. Qxa6 {And now Qa7 would win.} Rxb2 {[#]} (35... Nf8 $142 36. Qc6 Ne6) 36. Qc8 $1 $18 {Black must now prevent Ne8+.} Rb8 37. Qc7 {[%cal Od6f7] Threatens to win with Nxf7!} Qd8 $2 (37... Ra8 38. a6 (38. Nxf7 Nb8 $18) 38... Rxa6) 38. Qc6 {[%cal Od6f7] aiming for Nxf7!} Qe7 39. Nb7 {To avoid Rd8} (39. Nxf7 $142 Nf8 40. Nd6) 39... Nb6 (39... Nf8) 40. a6 ({Inferior is} 40. axb6 Qxb7 41. Rd6 (41. Qxc5 Qxb6 42. Qxb6 Rxb6 $11) 41... Be7 42. Qxb7 Rxb7 $11) (40. Qxb6 Rxb7 41. Qd6 c4 $11) 40... Nc8 41. Rd7 {[%cal Bd1d7,Bd7c7,Bc7c6][%mdl 32]} Qe8 42. Rc7 Qxc6 43. Rxc6 Na7 44. Rc7 {Strongly threatening Nd6.} ({Resist} 44. Rxc5 Kf8 45. Bf1 Be7) 44... Rc8 $2 (44... Nb5 45. Rxc5 Nd4) 45. Rxc8 Nxc8 {[#]} 46. Nd6 $1 {[%mdl 512] Weighted Error Value: White=0.25 (precise) /Black=0.42} 1-0